00628nam a2200169 a 4500008004100000020001500041050001800056100002000074245003500094250001200129260004800141300002100189350000900210995008800219999001700307952013400324120416s0000 ||||||||||||||||| || u a0135577039 aHF 5415.2 Cri aCrimp, Margaret14aThe marketing research process a2nd ed. aEnglewood Cliffs, N.J.bPrentice-Hallc1985 axv, 294p. : ill. a0.00 D0.00FCBU-MAIN LIBRARY (Kitwe)H1I10.95ULOSTZMain Library Open Access Collection c50507d50507 00102lcc4070a001b001cMain Library Open Access Collectiond2022-11-30l0oHF 5415.2 Crip020625r2022-11-30w2022-11-30y002